La nueva historia

Uloženo v:
Podrobná bibliografie
Hlavní autor: Le Goff, Jacques (Autor)
Médium: Kniha
Jazyk:španělština
Vydáno: Bilbao Mensajero 1988
Edice:Diccionarios del saber moderno
Témata:
Tagy: Přidat tag
Žádné tagy, Buďte první, kdo vytvoří štítek k tomuto záznamu!

MARC

LEADER 00000nam a2200000 a 4500
001 UCW9450
003 CL-VaPUC
008 890421e19880000SP |||||||||||||||||spa|d
082 0 4 |a 903  |b LEG  |2 21 
100 |a Le Goff, Jacques  |e author  |9 322549 
245 1 3 |a La nueva historia 
300 |a 602 p 
942 |c BK 
945 |d 19890421 00:00:00 
260 |a Bilbao  |b Mensajero  |c 1988 
650 0 |a Historia  |9 255047 
650 7 |a DICCIONARIOS Y ENCICLOPEDIAS  |2 CL-VaPUC  |9 263926 
583 |a last modification  |c 19890421 00:00:00  |k Rodrigo Vera 
490 0 |a Diccionarios del saber moderno 
999 |c 221426  |d 221424 
952 |0 0  |1 0  |4 0  |6 903_000000000000000_LEG_1988  |7 0  |8 X  |9 214750  |a BIBHIS  |b BIBHIS  |d 2019-11-15  |i 2832976  |o 903 LEG 1988  |p 2832976  |r 2024-01-30  |w 2019-11-15  |y BK_X  |k HIS